| 000 -LEADER |
| fixed length control field |
01553 a2200301 4500 |
| 003 - CONTROL NUMBER IDENTIFIER |
| control field |
Nust |
| 005 - DATE AND TIME OF LATEST TRANSACTION |
| control field |
20221221120608.0 |
| 010 ## - LIBRARY OF CONGRESS CONTROL NUMBER |
| LC control number |
96035730 |
| 020 ## - INTERNATIONAL STANDARD BOOK NUMBER |
| International Standard Book Number |
0792397762 (hb : acid-free paper) |
| 040 ## - CATALOGING SOURCE |
| Transcribing agency |
Nust |
| 082 00 - DEWEY DECIMAL CLASSIFICATION NUMBER |
| Classification number |
621.38412,SAN |
| 245 00 - TITLE STATEMENT |
| Title |
Analog circuit design : |
| Name of part/section of a work |
MCSMOST RF circuits, sigma-delta converters, and translinear circuits / |
| Statement of responsibility, etc. |
edited by Willy Sansen, Rudy J. van de Plassche, and Johan H. Huijsing. |
| 260 ## - PUBLICATION, DISTRIBUTION, ETC. |
| Place of publication, distribution, etc. |
Boston : |
| Name of publisher, distributor, etc. |
Kluwer Academic Publishers, |
| Date of publication, distribution, etc. |
c1996. |
| 300 ## - PHYSICAL DESCRIPTION |
| Extent |
vii, 409 p. : |
| Other physical details |
ill. ; |
| Dimensions |
25 cm. |
| 505 ## - FORMATTED CONTENTS NOTE |
| Formatted contents note |
Most RF Circuit Design (Page-1), Bandpass Delta Sigma and other Data Converters (Page-133), Translinear Circuits (Page-255). |
| 650 #0 - SUBJECT ADDED ENTRY--TOPICAL TERM |
| Topical term or geographic name entry element |
Analog-to-digital converters |
| General subdivision |
Design and construction |
| -- |
Congresses. |
| 9 (RLIN) |
105510 |
| 650 #0 - SUBJECT ADDED ENTRY--TOPICAL TERM |
| Topical term or geographic name entry element |
Digital-to-analog converters |
| General subdivision |
Design and construction |
| -- |
Congresses. |
| 9 (RLIN) |
105511 |
| 650 #0 - SUBJECT ADDED ENTRY--TOPICAL TERM |
| Topical term or geographic name entry element |
Integrated circuits |
| General subdivision |
Design and construction |
| -- |
Congresses. |
| 9 (RLIN) |
105512 |
| 650 #0 - SUBJECT ADDED ENTRY--TOPICAL TERM |
| Topical term or geographic name entry element |
Linear integrated circuits |
| General subdivision |
Design and construction |
| -- |
Congresses. |
| 9 (RLIN) |
105513 |
| 650 #0 - SUBJECT ADDED ENTRY--TOPICAL TERM |
| Topical term or geographic name entry element |
Modulators (Electronics) |
| General subdivision |
Design and construction |
| -- |
Congresses. |
| 9 (RLIN) |
105514 |
| 650 #0 - SUBJECT ADDED ENTRY--TOPICAL TERM |
| Topical term or geographic name entry element |
Radio circuits |
| General subdivision |
Design and construction |
| -- |
Congresses. |
| 9 (RLIN) |
105515 |
| 700 1# - ADDED ENTRY--PERSONAL NAME |
| Personal name |
Huijsing, Johan H., |
| Dates associated with a name |
1938- |
| 9 (RLIN) |
96483 |
| 700 1# - ADDED ENTRY--PERSONAL NAME |
| Personal name |
Plassche, Rudy J. van de. |
| 9 (RLIN) |
96484 |
| 700 1# - ADDED ENTRY--PERSONAL NAME |
| Personal name |
Sansen, Willy M. C. |
| 9 (RLIN) |
96485 |
| 856 42 - ELECTRONIC LOCATION AND ACCESS |
| Materials specified |
Publisher description |
| Uniform Resource Identifier |
<a href="http://www.loc.gov/catdir/enhancements/fy0820/96035730-d.html">http://www.loc.gov/catdir/enhancements/fy0820/96035730-d.html</a> |
| 856 42 - ELECTRONIC LOCATION AND ACCESS |
| Materials specified |
Table of contents only |
| Uniform Resource Identifier |
<a href="http://www.loc.gov/catdir/enhancements/fy0820/96035730-t.html">http://www.loc.gov/catdir/enhancements/fy0820/96035730-t.html</a> |
| 942 ## - ADDED ENTRY ELEMENTS (KOHA) |
| Source of classification or shelving scheme |
|
| Koha item type |
Book |